[Event "Hart House Reading Week op"]
[Site "Toronto CAN"]
[Date "2011.02.19"]
[Round "2"]
[White "Kleinman, Michael"]
[Black "Cheng, Bindi"]
[Result "0-1"]
[WhiteElo "2256"]
[BlackElo "2503"]
[PlyCount "76"]
[EventDate "2011.02.19"]
[EventType "swiss"]
[EventRounds "6"]
[EventCountry "CAN"]

1. e4 d5 2. exd5 Qxd5 3. Nf3 Bg4 4. Be2 Nc6 5. d4 O-O-O 6. c4 Qf5 7. Be3 Nf6 8.
O-O e6 9. h3 Bxf3 10. Bxf3 Nb4 11. Qa4 a6 12. Nc3 Qc2 13. Rac1 Qxa4 14. Nxa4
Nxa2 15. Rcd1 Nb4 16. Rd2 Be7 17. g4 h6 18. Bg2 b5 19. Nc5 Bxc5 20. dxc5 bxc4
21. Rc1 Nfd5 22. Rxc4 Nxe3 23. Rxd8+ Rxd8 24. fxe3 Rd1+ 25. Kh2 Nd5 26. Ra4
Nxe3 27. Bc6 Rd2+ 28. Kg3 Rxb2 29. Rxa6 Rb8 30. Kf4 Nc2 31. Ra7 Nb4 32. Be8
Nd3+ 33. Ke3 Nxc5 34. Kd4 Nb7 35. Bxf7 Kd7 36. Bg6 Nd6 37. Ra2 Rb3 38. Bd3 e5+
0-1

[Event "Hart House Reading Week op"]
[Site "Toronto CAN"]
[Date "2011.02.20"]
[Round "4"]
[White "Vaingorten, Yaaqov"]
[Black "Cheng, Bindi"]
[Result "1/2-1/2"]
[WhiteElo "2336"]
[BlackElo "2503"]
[PlyCount "90"]
[EventDate "2011.02.19"]
[EventType "swiss"]
[EventRounds "6"]
[EventCountry "CAN"]

1. d4 d5 2. Bg5 h6 3. Bh4 c6 4. e3 Qb6 5. Qc1 e5 6. Nf3 exd4 7. exd4 Be6 8. Bd3
Be7 9. c3 Bxh4 10. Nxh4 Qd8 11. g3 Qf6 12. O-O Ne7 13. Nd2 O-O 14. f4 Nf5 15.
Ndf3 Nxh4 16. Nxh4 Bh3 17. Rf2 Nd7 18. f5 Rae8 19. Qf4 Qg5 20. Qxg5 hxg5 21.
Nf3 f6 22. Re1 Rxe1+ 23. Nxe1 Re8 24. Nc2 a6 25. Rf3 Bg4 26. Re3 Kf8 27. Kf2
Bh5 28. Rxe8+ Bxe8 29. Ne3 Nb6 30. g4 Ke7 31. Bc2 Kd6 32. Ke2 c5 33. Kd2 a5 34.
Bd1 Bf7 35. Bf3 Be8 36. Kc2 Bc6 37. Kd2 cxd4 38. cxd4 Nc4+ 39. Nxc4+ dxc4 40.
Bxc6 bxc6 41. Kc3 Kd5 42. b3 cxb3 43. axb3 c5 44. dxc5 Kxc5 45. Kd3 Kd5 1/2-1/2

[Event "Hart House Reading Week op"]
[Site "Toronto CAN"]
[Date "2011.02.21"]
[Round "5"]
[White "Cheng, Bindi"]
[Black "Moffat, Andrei"]
[Result "1-0"]
[WhiteElo "2503"]
[BlackElo "2255"]
[PlyCount "52"]
[EventDate "2011.02.19"]
[EventType "swiss"]
[EventRounds "6"]
[EventCountry "CAN"]

1. d4 d5 2. Bf4 Nc6 3. e3 Nf6 4. Be2 e6 5. Nf3 Bd6 6. Bg3 O-O 7. Nbd2 b6 8. O-O
Bb7 9. c4 dxc4 10. Nxc4 Ne4 11. Nxd6 cxd6 12. d5 Nxg3 13. hxg3 exd5 14. Qxd5
Qf6 15. Qd2 Rac8 16. b3 Ne7 17. Nd4 a5 18. Rad1 Rc5 19. a3 h5 20. b4 Rg5 21.
Bf3 Ba6 22. Rc1 Bc4 23. Bb7 Rg4 24. Ba6 axb4 25. axb4 d5 26. e4 Nc6 1-0

[Event "CAN-ch Post-Secondary A"]
[Site "Waterloo CAN"]
[Date "2011.01.15"]
[Round "1"]
[White "Cheng, Bindi"]
[Black "Longo, Tyler"]
[Result "1-0"]
[WhiteElo "2485"]
[BlackElo "2031"]
[PlyCount "51"]
[EventDate "2011.01.15"]
[EventType "team"]
[EventRounds "4"]
[EventCountry "CAN"]

1. d4 d5 2. Nf3 Nf6 3. g3 g6 4. Bg2 Bg7 5. O-O O-O 6. c4 c6 7. cxd5 cxd5 8. Nc3
Nc6 9. Ne5 e6 10. Nxc6 bxc6 11. b3 c5 12. Ba3 Qa5 13. Na4 cxd4 14. Bxf8 Kxf8
15. Qxd4 Ne4 16. Qe3 Bxa1 17. Rxa1 Bd7 18. Qd4 Ke7 19. Bxe4 Bxa4 20. Bxd5 Rd8
21. Qh4+ Ke8 22. Bxe6 Bc6 23. Qf6 fxe6 24. Qxe6+ Kf8 25. Qxc6 Rd2 26. Rc1 1-0

[Event "CAN-ch Post-Secondary A"]
[Site "Waterloo CAN"]
[Date "2011.01.15"]
[Round "2.1"]
[White "Chung, Kevin"]
[Black "Cheng, Bindi"]
[Result "0-1"]
[WhiteElo "2284"]
[BlackElo "2485"]
[PlyCount "54"]
[EventDate "2011.01.15"]
[EventType "team"]
[EventRounds "4"]
[EventCountry "CAN"]
[WhiteTeam "U of Waterloo - A"]
[BlackTeam "U of Toronto - A"]

1. e4 d5 2. exd5 Qxd5 3. d4 Nc6 4. Be3 e5 5. dxe5 Qxd1+ 6. Kxd1 Nxe5 7. Nc3 Ng4
8. Nd5 Bd6 9. h3 Nxe3+ 10. Nxe3 Nf6 11. Bd3 Bc5 12. Kd2 O-O 13. Re1 b6 14. Ne2
Bb7 15. f3 Rad8 16. Nc1 Nh5 17. Nb3 Bb4+ 18. c3 Nf4 19. Nc1 Bc5 20. b4 Bxe3+
21. Rxe3 Nxg2 22. Re7 Nf4 23. Kc2 Rfe8 24. Bxh7+ Kxh7 25. Rxf7 Bxf3 26. Rg1
Be4+ 27. Kb2 Ne6 0-1

[Event "CAN-ch Post-Secondary A"]
[Site "Waterloo CAN"]
[Date "2011.01.16"]
[Round "3.1"]
[White "Cheng, Bindi"]
[Black "Modwal, Sankalp"]
[Result "1-0"]
[WhiteElo "2485"]
[BlackElo "2244"]
[PlyCount "39"]
[EventDate "2011.01.15"]
[EventType "team"]
[EventRounds "4"]
[EventCountry "CAN"]
[WhiteTeam "U of Toronto - A"]
[BlackTeam "McGill"]

1. d4 Nf6 2. Bg5 e6 3. c3 Be7 4. Nd2 d6 5. e4 Nbd7 6. Ngf3 e5 7. Bd3 O-O 8. O-O
h6 9. Bh4 Re8 10. Re1 b6 11. a4 Nh5 12. Bxe7 Rxe7 13. Bf1 c5 14. Nc4 exd4 15.
cxd4 Qc7 16. dxc5 dxc5 17. Qd5 Nhf6 18. Qxa8 Re8 19. Nd6 Qxd6 20. e5 1-0

[Event "World op"]
[Site "Philadelphia USA"]
[Date "2008.07.02"]
[Round "1"]
[White "Stocek, Jiri"]
[Black "Cheng, Bindi"]
[Result "1/2-1/2"]
[WhiteElo "2559"]
[BlackElo "2333"]
[PlyCount "93"]
[EventDate "2008.07.02"]
[EventType "swiss"]
[EventRounds "9"]
[EventCountry "USA"]
[Source "Mark Crowther"]
[SourceDate "2008.07.08"]

1. d4 d5 2. c4 c6 3. Nf3 Nf6 4. Nc3 e6 5. g3 dxc4 6. Bg2 Nbd7 7. O-O b5 8. Bg5
Bb7 9. a4 a6 10. Ne5 Qc8 11. Bxf6 gxf6 12. Nxd7 Qxd7 13. e3 f5 14. Qh5 O-O-O
15. Rfd1 Kb8 16. axb5 cxb5 17. d5 Bb4 18. dxe6 Qxe6 19. Bxb7 Kxb7 20. Qf3+ Kb8
21. Rxd8+ Rxd8 22. Nxb5 Qe4 23. Qxe4 fxe4 24. Rxa6 Rd1+ 25. Kg2 Be1 26. Rb6+
Kc8 27. Rf6 Kd7 28. Rxf7+ Ke6 29. Rf4 Ke5 30. Rf8 Rc1 31. Nd4 Rb1 32. Rf5+ Kd6
33. Nc2 Bd2 34. Na3 Rc1 35. Nb5+ Kc6 36. Re5 Rb1 37. Na3 Rc1 38. Rxe4 Kc5 39.
Re5+ Kb4 40. Rb5+ Ka4 41. Rb7 Bb4 42. Nb5 Rb1 43. Nd4 Rxb2 44. Rxh7 c3 45. Rc7
Ka5 46. h4 Kb6 47. Rc6+ 1/2-1/2

[Event "British Columbia-ch U20"]
[Site "New Westminster CAN"]
[Date "2007.11.10"]
[Round "1.1"]
[White "Sohal, Tanraj"]
[Black "Cheng, Bindi"]
[Result "0-1"]
[WhiteElo "1794"]
[BlackElo "2349"]
[PlyCount "130"]
[EventDate "2007.11.10"]
[EventType "swiss"]
[EventRounds "5"]
[EventCountry "CAN"]

1. d4 Nf6 2. c4 c6 3. Nc3 d5 4. Nf3 e6 5. Bg5 Nbd7 6. e3 Qa5 7. Bxf6 Nxf6 8. a3
Ne4 9. Qc1 Nxc3 10. Qxc3 Qxc3+ 11. bxc3 Be7 12. Be2 b6 13. Ne5 Bb7 14. cxd5
exd5 15. O-O f6 16. Nf3 O-O-O 17. a4 Kc7 18. Nd2 c5 19. a5 c4 20. Rfb1 Rhe8 21.
Rb2 Bc6 22. Nb1 Rb8 23. axb6+ axb6 24. Na3 Ra8 25. Rba2 Ra5 26. Nc2 Rea8 27.
Rxa5 Rxa5 28. Kf1 Rxa1+ 29. Nxa1 Ba3 30. Nc2 Bb2 31. Nb4 Bxc3 32. Nxc6 Kxc6 33.
Bd1 b5 34. Ke2 b4 35. Bc2 g6 36. Kd1 b3 37. Bb1 Bb4 38. f3 c3 39. Kc1 c2 40.
Bxc2 bxc2 41. Kxc2 Bd6 42. h3 h5 43. e4 h4 44. Kd3 Bf4 45. Kc3 Kb5 46. Kd3 Kb4
47. exd5 f5 48. d6 Bxd6 49. Ke3 Kc4 50. f4 Kd5 51. Kf3 Kxd4 52. g3 hxg3 53.
Kxg3 Ke3 54. Kh4 Be7+ 55. Kg3 Ke4 56. h4 Bxh4+ 57. Kxh4 Kxf4 58. Kh3 Kf3 59.
Kh2 Kf2 60. Kh1 g5 61. Kh2 g4 62. Kh1 f4 63. Kh2 g3+ 64. Kh3 g2 65. Kh4 g1=Q
0-1

[Event "British Columbia-ch U20"]
[Site "New Westminster CAN"]
[Date "2007.11.11"]
[Round "3.1"]
[White "Han, Yiming"]
[Black "Cheng, Bindi"]
[Result "0-1"]
[WhiteElo "1999"]
[BlackElo "2349"]
[PlyCount "64"]
[EventDate "2007.11.10"]
[EventType "swiss"]
[EventRounds "5"]
[EventCountry "CAN"]

1. e4 d5 2. exd5 Qxd5 3. Nc3 Qd6 4. d4 Nf6 5. Nf3 a6 6. Bc4 e6 7. Be3 b5 8. Bb3
Bb7 9. Qd2 c5 10. Bf4 Qd8 11. a4 c4 12. Ba2 Bb4 13. O-O Bxf3 14. gxf3 Nd5 15.
axb5 Qc8 16. Bxb8 Rxb8 17. bxa6 O-O 18. Nxd5 exd5 19. Qg5 Rb6 20. Kh1 Rg6 21.
Qh5 Rh6 22. Qg4 f5 23. Qg5 Qc7 24. f4 Bd6 25. Bxc4 dxc4 26. a7 Bxf4 27. a8=Q
Bxg5 28. Qd5+ Kh8 29. f4 Bxf4 30. Rfe1 Rxh2+ 31. Kg1 Rxc2 32. Qxf5 Be3+ 0-1

[Event "British Columbia-ch U20"]
[Site "New Westminster CAN"]
[Date "2007.11.12"]
[Round "5.1"]
[White "Huang, Richard"]
[Black "Cheng, Bindi"]
[Result "0-1"]
[WhiteElo "1987"]
[BlackElo "2349"]
[PlyCount "72"]
[EventDate "2007.11.10"]
[EventType "swiss"]
[EventRounds "5"]
[EventCountry "CAN"]

1. Nf3 d5 2. c4 c6 3. b3 Bg4 4. e3 e6 5. Bb2 Nd7 6. Be2 Ngf6 7. O-O Bd6 8. d4
O-O 9. Nbd2 Qc7 10. h3 Bh5 11. Ne1 Bg6 12. c5 Be7 13. f4 b6 14. b4 Rab8 15. Bc3
Ne4 16. Nxe4 Bxe4 17. Nd3 f5 18. Nf2 Nf6 19. Nxe4 Nxe4 20. Qc2 g5 21. Bd3 gxf4
22. Rxf4 Bg5 23. Rf3 Rf7 24. Bd2 Rg7 25. Bxe4 fxe4 26. Rf2 Bh4 27. Re2 bxc5 28.
bxc5 Rf8 29. Be1 Rf3 30. Bxh4 Rxh3 31. Bf2 Qh2+ 32. Kf1 Rxg2 33. Ke1 Rf3 34.
Qb2 Rfxf2 35. Rxf2 Qg1+ 36. Kd2 Qxf2+ 0-1

[Event "Labour Day op"]
[Site "Langley CAN"]
[Date "2007.09.01"]
[Round "1"]
[White "Jose, Marionito"]
[Black "Cheng, Bindi"]
[Result "0-1"]
[WhiteElo "1767"]
[BlackElo "2336"]
[PlyCount "66"]
[EventDate "2007.09.01"]
[EventType "swiss"]
[EventRounds "6"]
[EventCountry "CAN"]

1. d4 Nf6 2. c4 c6 3. Nc3 d5 4. Nf3 a6 5. a4 Bf5 6. e3 e6 7. Be2 Nbd7 8. Nh4
Bg6 9. cxd5 exd5 10. Bd3 Bb4 11. Nxg6 hxg6 12. Bd2 Nf8 13. Nb1 Bd6 14. g3 Qd7
15. Bf1 Qf5 16. h3 Ne4 17. Qe2 Ne6 18. g4 Qf6 19. Nc3 N6g5 20. Bg2 Qe6 21. Nxe4
Nxe4 22. Bxe4 dxe4 23. h4 g5 24. h5 Rc8 25. Bc3 Qd5 26. O-O-O b5 27. Kb1 Rb8
28. f3 exf3 29. Qd3 bxa4 30. e4 Qb3 31. e5 Bb4 32. Qxf3 Bxc3 33. Qxc6+ Kf8 0-1

[Event "Labour Day op"]
[Site "Langley CAN"]
[Date "2007.09.01"]
[Round "2"]
[White "Cheng, Bindi"]
[Black "Han, Yiming"]
[Result "1-0"]
[WhiteElo "2336"]
[BlackElo "1927"]
[PlyCount "97"]
[EventDate "2007.09.01"]
[EventType "swiss"]
[EventRounds "6"]
[EventCountry "CAN"]

1. c4 e5 2. g3 d5 3. cxd5 Nf6 4. Bg2 Nxd5 5. Nc3 Be6 6. Nf3 Nc6 7. O-O f6 8. d4
Bb4 9. Nxd5 Bxd5 10. dxe5 fxe5 11. Qa4 Qf6 12. Bg5 Qf5 13. Nh4 Qe6 14. Bxd5
Qxd5 15. Rad1 Qe6 16. Qb5 Rb8 17. Rc1 O-O 18. Qc4 Qxc4 19. Rxc4 Ba5 20. Be3
Rbd8 21. Nf3 Rd5 22. b4 Bxb4 23. Rb1 Ra5 24. Rcxb4 Nxb4 25. Rxb4 b6 26. a4 Rd5
27. Re4 Rfd8 28. Nxe5 Re8 29. f4 c5 30. Kf2 Rd1 31. Rc4 Re6 32. h4 Rb1 33. Nd3
Kf7 34. h5 Rh1 35. f5 Re7 36. Nf4 Re5 37. g4 a6 38. a5 b5 39. Rxc5 Rxc5 40.
Bxc5 Ra1 41. Bb4 Rb1 42. Nd5 Rc1 43. e4 g6 44. hxg6+ hxg6 45. e5 gxf5 46. gxf5
Rh1 47. e6+ Kg7 48. f6+ Kg6 49. f7 1-0

[Event "Labour Day op"]
[Site "Langley CAN"]
[Date "2007.09.02"]
[Round "3"]
[White "Patterson, Roger"]
[Black "Cheng, Bindi"]
[Result "0-1"]
[WhiteElo "2254"]
[BlackElo "2336"]
[PlyCount "46"]
[EventDate "2007.09.01"]
[EventType "swiss"]
[EventRounds "6"]
[EventCountry "CAN"]

1. e4 c5 2. Nf3 Nc6 3. d4 cxd4 4. Nxd4 d6 5. Nc3 g6 6. Be3 Bg7 7. Qd2 Nf6 8. f3
O-O 9. Bc4 Bd7 10. h4 h5 11. O-O-O Rb8 12. Bb3 a5 13. Ndb5 Ne5 14. a4 Rc8 15.
Qf2 Nc4 16. Bxc4 Rxc4 17. Bb6 Qc8 18. Rd4 Bxb5 19. axb5 Rxc3 20. bxc3 Qxc3 21.
Ra4 Rc8 22. Bd4 Qb3 23. Rxa5 Bh6+ 0-1

[Event "Labour Day op"]
[Site "Langley CAN"]
[Date "2007.09.02"]
[Round "4"]
[White "Cheng, Bindi"]
[Black "McLaren, Brian"]
[Result "1-0"]
[WhiteElo "2336"]
[BlackElo "2262"]
[PlyCount "95"]
[EventDate "2007.09.01"]
[EventType "swiss"]
[EventRounds "6"]
[EventCountry "CAN"]

1. Nf3 d5 2. g3 c5 3. Bg2 Nc6 4. O-O e5 5. d3 Bd6 6. c4 Nge7 7. cxd5 Nxd5 8.
Nc3 Nde7 9. Ne4 O-O 10. a3 b6 11. b4 cxb4 12. Nxd6 Qxd6 13. axb4 Bb7 14. b5 Nd4
15. Ba3 Nxf3+ 16. Bxf3 Qc7 17. Bxb7 Qxb7 18. Qb3 Rfe8 19. Rfc1 Nf5 20. e3 h5
21. Qc4 Qd7 22. Bb4 Rac8 23. Qe4 Rxc1+ 24. Rxc1 Qxb5 25. Rc7 Nh6 26. Rxa7 Rd8
27. Bd6 Ng4 28. Ra8 Qd7 29. Rxd8+ Qxd8 30. Bxe5 Nxe5 31. Qxe5 Qxd3 32. Qe8+ Kh7
33. Qxf7 Qb1+ 34. Kg2 b5 35. Qxh5+ Kg8 36. Qd5+ Kh7 37. e4 b4 38. e5 b3 39. e6
b2 40. Qh5+ Kg8 41. Qf7+ Kh7 42. e7 Qe4+ 43. f3 Qe2+ 44. Kh3 b1=Q 45. Qh5+ Kg8
46. e8=Q+ Qxe8 47. Qxe8+ Kh7 48. Qe4+ 1-0

[Event "Labour Day op"]
[Site "Langley CAN"]
[Date "2007.09.03"]
[Round "6"]
[White "Scoones, Dan"]
[Black "Cheng, Bindi"]
[Result "0-1"]
[WhiteElo "2254"]
[BlackElo "2336"]
[PlyCount "106"]
[EventDate "2007.09.01"]
[EventType "swiss"]
[EventRounds "6"]
[EventCountry "CAN"]

1. d4 d5 2. Nc3 Nf6 3. Bg5 c6 4. Qd2 Bf5 5. Bxf6 exf6 6. f3 Bg6 7. e3 Bb4 8.
Bd3 O-O 9. Nge2 Re8 10. a3 Bd6 11. Bxg6 hxg6 12. e4 dxe4 13. Nxe4 f5 14. Nxd6
Qxd6 15. O-O-O Nd7 16. Qf4 Qe6 17. Nc3 Nf6 18. Qd2 Qd6 19. g3 b5 20. Kb1 Reb8
21. Ne2 b4 22. axb4 Rxb4 23. c3 Rb7 24. Nc1 Rab8 25. Nd3 Qa3 26. Rc1 Nd5 27.
Rhe1 Rb3 28. f4 Kh7 29. Qg2 Qa5 30. Nb4 R3xb4 31. cxb4 Nxb4 32. b3 Nd3 33. Qa2
Qb4 34. Re3 Nxc1 35. Kxc1 Qxd4 36. Re2 Rd8 37. Qa6 Qc3+ 38. Rc2 Qxb3 39. Qxa7
Rb8 40. Qc7 Qb1+ 41. Kd2 Qb4+ 42. Kd3 Qe4+ 43. Kd2 Qd4+ 44. Kc1 Qe3+ 45. Rd2
Qc3+ 46. Kd1 Rb1+ 47. Ke2 Qc4+ 48. Kf2 Qf1+ 49. Ke3 Qe1+ 50. Kd3 Qe4+ 51. Kc3
Qb4+ 52. Kd3 Rb3+ 53. Ke2 Qe4+ 0-1

[Event "Quebec op"]
[Site "Montreal CAN"]
[Date "2007.07.23"]
[Round "4"]
[White "Cheng, Bindi"]
[Black "Pelletier, Jean"]
[Result "1-0"]
[WhiteElo "2238"]
[BlackElo "1610"]
[PlyCount "35"]
[EventDate "2007.07.20"]
[EventType "swiss"]
[EventRounds "9"]
[EventCountry "CAN"]

1. Nf3 c5 2. e3 Nc6 3. d4 cxd4 4. exd4 d5 5. c4 dxc4 6. Bxc4 Bg4 7. d5 Ne5 8.
Nxe5 Qa5+ 9. Qd2 Qxd2+ 10. Bxd2 Bd7 11. Nxd7 Kxd7 12. Bb5+ Kd8 13. Ba5+ b6 14.
Bb4 Nf6 15. Nc3 a6 16. Bc6 Rc8 17. O-O Nxd5 18. Bxd5 1-0

[Event "Quebec op"]
[Site "Montreal CAN"]
[Date "2007.07.24"]
[Round "5"]
[White "Tu Hoang Thong"]
[Black "Cheng, Bindi"]
[Result "1-0"]
[WhiteElo "2483"]
[BlackElo "2238"]
[PlyCount "69"]
[EventDate "2007.07.20"]
[EventType "swiss"]
[EventRounds "9"]
[EventCountry "CAN"]

1. e4 d5 2. exd5 Nf6 3. Nf3 Qxd5 4. Nc3 Qd6 5. g3 Bg4 6. Bg2 c6 7. O-O e6 8. h3
Bh5 9. Ne2 Bxf3 10. Bxf3 g5 11. d4 Rg8 12. Bg2 Nbd7 13. Rb1 a5 14. a3 Qc7 15.
c4 Bd6 16. b4 axb4 17. axb4 Rg6 18. Nc3 Kf8 19. b5 c5 20. b6 Qb8 21. Nb5 cxd4
22. Nxd6 Qxd6 23. Bxb7 Rb8 24. Qf3 Ne5 25. Qb3 Kg8 26. Ba3 Qd8 27. Bg2 g4 28.
h4 Nh5 29. b7 Nf4 30. Qb6 Qxb6 31. Rxb6 Nxg2 32. Bd6 Nxc4 33. Bxb8 Nxb6 34. Be5
Nd7 35. Rc1 1-0

[Event "Quebec op"]
[Site "Montreal CAN"]
[Date "2007.07.25"]
[Round "6"]
[White "Cheng, Bindi"]
[Black "Nicula, Marius"]
[Result "1-0"]
[WhiteElo "2238"]
[BlackElo "2126"]
[PlyCount "83"]
[EventDate "2007.07.20"]
[EventType "swiss"]
[EventRounds "9"]
[EventCountry "CAN"]

1. Nf3 c5 2. c3 d5 3. d4 cxd4 4. cxd4 Nc6 5. Nc3 Nf6 6. Bf4 a6 7. Rc1 e6 8. Ne5
Bd7 9. e3 Nxe5 10. Bxe5 Bc6 11. Bd3 Be7 12. O-O O-O 13. Qf3 Rc8 14. Rc2 Qd7 15.
Rfc1 b5 16. Ne2 Ne4 17. Qg4 f6 18. Bf4 f5 19. Qh5 Nf6 20. Qh3 Bd6 21. Bxd6 Qxd6
22. Qg3 Qxg3 23. hxg3 Bd7 24. Rc5 Kf7 25. b4 Ke7 26. f3 Kd6 27. a4 Rb8 28. axb5
Bxb5 29. Bxb5 Rxb5 30. Rc6+ Ke7 31. Rxa6 g5 32. Rcc6 Ne8 33. Rxe6+ Kd7 34. Nc3
Rxb4 35. Nxd5 Rb1+ 36. Kh2 Rf7 37. Rh6 Rb7 38. g4 fxg4 39. fxg4 Rg7 40. e4 Nc7
41. Rad6+ Ke8 42. Nf6+ 1-0

[Event "Quebec op"]
[Site "Montreal CAN"]
[Date "2007.07.26"]
[Round "7"]
[White "Vul, Arkadi"]
[Black "Cheng, Bindi"]
[Result "1/2-1/2"]
[WhiteElo "2312"]
[BlackElo "2238"]
[PlyCount "40"]
[EventDate "2007.07.20"]
[EventType "swiss"]
[EventRounds "9"]
[EventCountry "CAN"]

1. Nf3 d5 2. d4 Nf6 3. c4 c6 4. cxd5 cxd5 5. Nc3 Nc6 6. Bf4 a6 7. e3 Bg4 8. h3
Bxf3 9. Qxf3 e6 10. Bd3 Bd6 11. Bg5 Rc8 12. Bxf6 Qxf6 13. Qxf6 gxf6 14. Rc1 Na5
15. Ke2 Ke7 16. Rc2 b5 17. Rhc1 Ra8 18. Nb1 h5 19. h4 f5 20. g3 Kd7 1/2-1/2

[Event "CYCC U18"]
[Site "Ottawa CAN"]
[Date "2007.07.03"]
[Round "2"]
[White "Cheng, Bindi"]
[Black "Tam, Timothy"]
[Result "1-0"]
[WhiteElo "2272"]
[BlackElo "1876"]
[PlyCount "31"]
[EventDate "2007.07.03"]
[EventType "swiss"]
[EventRounds "6"]
[EventCountry "CAN"]

1. Nf3 d5 2. d4 Nf6 3. Bf4 e6 4. e3 Bd6 5. Ne5 O-O 6. Nd2 Nbd7 7. Bd3 a6 8. Qf3
Be7 9. Qh3 g6 10. Bh6 Re8 11. f4 Nxe5 12. fxe5 Nd7 13. O-O Bg5 14. Rxf7 Kxf7
15. Bxg5 Qxg5 16. Qxh7+ 1-0

[Event "CYCC U18"]
[Site "Ottawa CAN"]
[Date "2007.07.04"]
[Round "3"]
[White "Cheng, Bindi"]
[Black "Fokkema, Jerred"]
[Result "1-0"]
[WhiteElo "2272"]
[BlackElo "1857"]
[PlyCount "77"]
[EventDate "2007.07.03"]
[EventType "swiss"]
[EventRounds "6"]
[EventCountry "CAN"]

1. e4 c5 2. Nf3 d6 3. Bb5+ Bd7 4. Bxd7+ Nxd7 5. O-O Ngf6 6. d3 g6 7. Ng5 Bg7 8.
f4 O-O 9. c4 Qb6 10. Nc3 Rae8 11. Rb1 a6 12. Be3 Qc7 13. Qf3 h6 14. Nh3 e6 15.
Bf2 Nh7 16. Qg3 e5 17. f5 g5 18. Nd5 Qd8 19. b4 b6 20. Be3 f6 21. Nf2 Kf7 22.
Qh3 Rh8 23. Qh5+ Kg8 24. bxc5 bxc5 25. Rb7 Nhf8 26. Rfb1 Rh7 27. Rc7 Nb8 28.
Rbb7 Nfd7 29. Ng4 Rf8 30. Nb6 Qxc7 31. Rxc7 Nxb6 32. a4 Nxa4 33. Qg6 Nb6 34.
Nxh6+ Kh8 35. Nf7+ Kg8 36. Nxg5 fxg5 37. f6 Rxf6 38. Rxg7+ Rxg7 39. Qxf6 1-0

[Event "CYCC U18"]
[Site "Ottawa CAN"]
[Date "2007.07.04"]
[Round "4"]
[White "Ye, Ling Feng"]
[Black "Cheng, Bindi"]
[Result "1/2-1/2"]
[WhiteElo "2084"]
[BlackElo "2272"]
[PlyCount "81"]
[EventDate "2007.07.03"]
[EventType "swiss"]
[EventRounds "6"]
[EventCountry "CAN"]

1. e4 d5 2. exd5 Nf6 3. d4 Bg4 4. f3 Bf5 5. Bb5+ Nbd7 6. c4 a6 7. Bxd7+ Qxd7 8.
Nc3 b5 9. b3 e6 10. dxe6 Qxe6+ 11. Qe2 Bb4 12. Bd2 O-O-O 13. Qxe6+ Bxe6 14.
cxb5 Rhe8 15. Nge2 Bf5 16. Kf2 axb5 17. a3 Bxc3 18. Bxc3 Bc2 19. b4 Nd5 20.
Rac1 Bd3 21. Rhe1 Bxe2 22. Rxe2 Rxe2+ 23. Kxe2 Re8+ 24. Kd2 Ne3 25. Re1 Nc4+
26. Kd3 Rxe1 27. Bxe1 Nxa3 28. d5 Kd7 29. Bg3 f6 30. h4 h5 31. Bf4 Nc4 32. Kd4
Nb2 33. g4 g6 34. gxh5 gxh5 35. Ke4 Na4 36. Kd4 Nb2 37. Bc1 Na4 38. Bd2 Kd6 39.
Ke4 Nb6 40. Bf4+ Kd7 41. Kd4 1/2-1/2

[Event "CYCC U18"]
[Site "Ottawa CAN"]
[Date "2007.07.05"]
[Round "5"]
[White "Cheng, Bindi"]
[Black "Davidson, Benjamin"]
[Result "1-0"]
[WhiteElo "2272"]
[BlackElo "1728"]
[PlyCount "113"]
[EventDate "2007.07.03"]
[EventType "swiss"]
[EventRounds "6"]
[EventCountry "CAN"]

1. d4 d5 2. c4 e6 3. Nc3 Nf6 4. e3 Nbd7 5. Nf3 c6 6. Qc2 Qc7 7. Bd2 Bd6 8. g4
Nxg4 9. Rg1 Nxh2 10. Nxh2 Bxh2 11. Rxg7 f5 12. cxd5 cxd5 13. f4 Qd8 14. O-O-O
Nf6 15. Be2 h5 16. Nb5 Kf8 17. Rg5 Ng4 18. Rh1 Kf7 19. Kb1 a6 20. Nc7 Rb8 21.
Rxh2 Nxh2 22. Bxh5+ Rxh5 23. Rxh5 Ng4 24. Be1 Bd7 25. Rh7+ Kg6 26. Bh4 Qc8 27.
Re7 b6 28. Bg5 Rb7 29. Nxa6 Qxc2+ 30. Kxc2 Nxe3+ 31. Kd3 Bb5+ 32. Kxe3 Rxe7 33.
Bxe7 Bxa6 34. Bd8 b5 35. Kd2 Kf7 36. Kc3 Ke8 37. Bb6 Kd7 38. Kb4 Kc6 39. Bc5
Bb7 40. Ka5 Bc8 41. b4 Bb7 42. a4 bxa4 43. b5+ Kc7 44. Kxa4 Kd7 45. Ka5 Kc7 46.
Bb6+ Kd7 47. Kb4 Kd6 48. Ba5 Bc8 49. Bd8 Bb7 50. Ka5 Kd7 51. Kb6 Bc8 52. Bf6
Kd6 53. Be5+ Kd7 54. Ka7 Kd8 55. b6 Kd7 56. b7 Bxb7 57. Kxb7 1-0

[Event "CYCC U18"]
[Site "Ottawa CAN"]
[Date "2007.07.05"]
[Round "6"]
[White "Jia, Derek"]
[Black "Cheng, Bindi"]
[Result "1/2-1/2"]
[WhiteElo "2004"]
[BlackElo "2272"]
[PlyCount "37"]
[EventDate "2007.07.03"]
[EventType "swiss"]
[EventRounds "6"]
[EventCountry "CAN"]

1. e4 c5 2. Nf3 e6 3. d4 cxd4 4. Nxd4 Nf6 5. Nc3 Nc6 6. Bg5 h6 7. Bh4 Bb4 8.
Nxc6 bxc6 9. Bd3 e5 10. O-O O-O 11. f4 Bd6 12. Qe1 Qb6+ 13. Kh1 Nh5 14. f5 Nf4
15. Ne2 f6 16. Rd1 Nxd3 17. Rxd3 Be7 18. Rg3 Qb4 19. Rxg7+ 1/2-1/2

[Event "Paul Keres mem (32nd)"]
[Site "Vancouver CAN"]
[Date "2007.05.18"]
[Round "1.9"]
[White "Milner, Arie"]
[Black "Cheng, Bindi"]
[Result "0-1"]
[WhiteElo "1977"]
[BlackElo "2237"]
[PlyCount "50"]
[EventDate "2007.05.18"]
[EventType "swiss"]
[EventRounds "7"]
[EventCountry "CAN"]

1. e4 c5 2. Nf3 Nc6 3. c3 e6 4. Bd3 d5 5. Bc2 Nf6 6. e5 Nd7 7. d4 Be7 8. O-O b5
9. a3 a5 10. Be3 Rb8 11. Nbd2 O-O 12. Re1 b4 13. axb4 axb4 14. dxc5 bxc3 15.
bxc3 Nxc5 16. Nd4 Bd7 17. Nxc6 Bxc6 18. Bxc5 Bxc5 19. Nb3 Bb6 20. Nd4 Bd7 21.
Re3 f5 22. Qh5 Be8 23. Qh3 Qe7 24. Ba4 Bxd4 25. Bxe8 Bxe3 0-1

[Event "Paul Keres mem (32nd)"]
[Site "Vancouver CAN"]
[Date "2007.05.19"]
[Round "2.7"]
[White "Cheng, Bindi"]
[Black "Wilson Tagoe, George"]
[Result "1-0"]
[WhiteElo "2237"]
[BlackElo "1751"]
[PlyCount "53"]
[EventDate "2007.05.18"]
[EventType "swiss"]
[EventRounds "7"]
[EventCountry "CAN"]

1. Nf3 Nf6 2. c4 c5 3. Nc3 Nc6 4. e3 g6 5. d4 cxd4 6. exd4 d5 7. cxd5 Nxd5 8.
Qb3 Nxc3 9. Bc4 e6 10. bxc3 Bg7 11. Ba3 Na5 12. Qa4+ Bd7 13. Bb5 Bxb5 14. Qxb5+
Nc6 15. Qxb7 Qc8 16. Rb1 Qxb7 17. Rxb7 Rb8 18. Rxb8+ Nxb8 19. Ke2 Kd7 20. Rb1
Kc6 21. Kd3 Nd7 22. Ng5 Bf8 23. Nxf7 Rg8 24. Bc1 Bg7 25. f4 Rb8 26. Rxb8 Nxb8
27. Ng5 1-0

[Event "Paul Keres mem (32nd)"]
[Site "Vancouver CAN"]
[Date "2007.05.19"]
[Round "3.2"]
[White "Cheng, Bindi"]
[Black "MacKay, Ian"]
[Result "1-0"]
[WhiteElo "2237"]
[BlackElo "2325"]
[PlyCount "93"]
[EventDate "2007.05.18"]
[EventType "swiss"]
[EventRounds "7"]
[EventCountry "CAN"]

1. Nf3 c5 2. e4 Nc6 3. Bb5 e6 4. Bxc6 bxc6 5. d3 d6 6. e5 d5 7. Nbd2 f5 8. Nb3
Nh6 9. Bg5 Qc7 10. Bxh6 gxh6 11. Qd2 Rg8 12. g3 Rb8 13. c4 d4 14. Kf1 Rb4 15.
Re1 Bd7 16. Nh4 Kd8 17. Ng2 Be8 18. Qe2 Qb6 19. h3 a5 20. Rb1 a4 21. Nc1 Qc7
22. Nf4 Bf7 23. Kg2 Qe7 24. Kh2 Qb7 25. Re1 Be7 26. Qc2 Kc7 27. a3 Rb6 28. Qxa4
Rxb2 29. Rxb2 Qxb2 30. Qa7+ Qb7 31. Qxb7+ Kxb7 32. Re2 Kc7 33. Rb2 Ra8 34. Rb3
Bg5 35. Nce2 h5 36. h4 Bh6 37. Ng1 Bg7 38. Nf3 h6 39. Kg2 Ra6 40. Ne2 Rb6 41.
Nc1 f4 42. gxf4 Bg6 43. Rxb6 Kxb6 44. Nd2 Bf8 45. Ne4 Bxe4+ 46. dxe4 Ka5 47. f5
1-0